000 00700nam a2200205 a 4500
001 23825
003 CO-ViMGA
008 141112s2004 ck r 000 u spa d
020 _a9789586827874
040 _aCO-ViMGA
_bspa
_cCO-ViMGA
082 0 4 _a342.86 G657
100 1 _aLora, Eduardo
_94261
245 1 0 _aConsecuencias Imprevistas en la constitucion de 1991 :
_bla influencia de la PolĂ­tica con las PolĂ­ticas economicas /
_cEduardo Lora
260 _aColombia :
_bAlfaomega
300 _a154p.
650 1 4 _aCOLOMBIA - CONDICIONES ECONOMICAS
650 1 4 _aCOLOMBIA - CONSTITUCION, 1991 - ASPECTOS ECONOMICOS
_934507
650 1 4 _aCOLOMBIA - DERECHO CONSTITUCIONAL
_923519
942 _2ddc
_cBK
999 _c31906
_d31906